000 00299nam a22001337a 4500
008 170712b xxu||||| |||| 00| 0 eng d
020 _a0822600986
041 _aeng
080 _a038
100 _a23
101 _aFJA
245 _aDICTIONARY OF ENGLISH WORD-BOOKS
_cSMITH, B,K
942 _2udc
_cBK
999 _c20366
_d20366